000 02460nam0a2200373 4500
001 RU\NLR\BIBL_A\022503244
005 20250610145132.0
010 _a978-5-907941-99-1
_9100
021 _aRU
_bКН-П-25-004457
_9КН-П-25-0428
035 _a(NLR Aleph) 022503244
090 _a13427784
_c13427784
100 _a20250326d2024 k y0rusy50 ca
101 0 _arus
_deng
102 _aRU
105 _aa z 100zy
181 0 _ai
_baxxe
182 0 _an
200 1 _aКачество в производственных и социально-экономических системах АПК
_e2-я Международная научно-техническая конференция, 28 ноября 2024 года
_eсборник научных статей
_fКурский государственный аграрный университет имени И. И. Иванова, Кафедра стандартизации и оборудования перерабатывающих производств
203 _aТекст
_bвизуальный
_cнепосредственный
210 _aКурск
_cУниверситетская книга
_d2024
215 _a260 с.
_cил.
_d21
300 _aРез. англ.
320 _aБиблиогр. в конце ст.
606 1 _aАгропромышленные комплексы
_jСъезды, совещания и т.п
_xКачество
_xУправление
_9903938
_3RU\NLR\AUTH\669112
606 1 _aСельское хозяйство
_jСъезды, совещания и т.п
_xТехнологические процессы
_92338366
_3RU\NLR\AUTH\661397905
686 1 _aП072я431(0)
686 1 _aУ32(0)-823.2-21я431
711 1 2 _a"Качество в производственных и социально-экономических системах АПК", международная научно-техническая конференция
_d2
_eКурск
_f2024
_92658083
_3RU\NLR\AUTH\880625715
712 0 2 _4570
_aКурский государственный аграрный университет им. И. И. Иванова
_bКафедра стандартизации и оборудования перерабатывающих производств
_9876928
_3RU\NLR\AUTH\880605077
942 _cBOOK
980 _aNB